[Event "ch-RUS Girls U20"]
[Site "Vladimir RUS"]
[Date "2002.03.11"]
[Round "10"]
[White "Pogonina,N"]
[Black "Novikova,A"]
[Result "1-0"]
[WhiteElo "2263"]
[BlackElo "2218"]

1.e4 g6 2.d4 Bg7 3.Nc3 d6 4.Be3 Nd7 5.Qd2 h6 6.O-O-O e6 7.f4 Ne7 8.Nf3 a6
9.Bd3 b5 10.f5 Bb7 11.fxe6 fxe6 12.Ne2 Nf6 13.Nf4 Qd7 14.d5 exd5 15.exd5 O-O-O
16.Ne6 Rdg8 17.Nxg7 Rxg7 18.Bxh6 Rgh7 19.Bg5 Nfxd5 20.Rhe1 Rf8 21.Re2 Kb8
22.Rde1 Nf5 23.Kb1 Rhh8 24.Be4 Qf7 25.g4 Ng7 26.Nh4 Nf4 27.Bxf4 Rxh4 28.Bg3 Rxg4
29.Bxb7 Kxb7 30.Re7 Qf6 31.Qd5+ Kb8 32.Qc6 Rc4 33.Qxa6 Qf5 34.R7e2 Qd5 35.b3 Rd4
36.Kb2 Qb7 37.Qa5 b4 38.Qg5 Qc6 39.Qxg6 Qc3+ 40.Kb1 Kb7 41.Re3 Rf6  1-0

[Event "Spring Festival"]
[Site "Budapest HUN"]
[Date "2002.03.15"]
[Round "1"]
[White "Babos,E"]
[Black "Resika,N"]
[Result "1-0"]
[WhiteElo "2066"]
[BlackElo "2241"]

1.d4 g6 2.e4 d6 3.Nc3 Bg7 4.Nf3 Nf6 5.Be2 O-O 6.O-O Bg4 7.Be3 Nc6 8.Qd2 e5
9.dxe5 dxe5 10.Rad1 Qc8 11.h3 Rd8 12.Qc1 Bxf3 13.Bxf3 Nd4 14.Bxd4 exd4 15.Nd5 Nxd5
16.exd5 Qf5 17.Rfe1 Bf6 18.Qd2 Kg7 19.Qd3 Qd7 20.Qb3 c6 21.dxc6 bxc6 22.Qa4 Rab8
23.b3 c5 24.Qxd7 Rxd7 25.Be2 Bd8 26.Bc4 Ba5 27.Re2 Kf8 28.g4 Re7 29.Rxe7 Kxe7
30.Kg2 h6 31.Rd3 Rb6 32.Rf3 f6 33.Rf4 Bd2 34.Re4+ Kf8 35.h4 g5 36.h5 Bf4
37.Kf3 Be5 38.Re2 Rd6 39.Ke4 Kg7 40.Kf5 Rb6 41.Ke4 Rd6 42.Bd3 Kf7 43.Kf3 Ke7
44.Re1 Rb6 45.Ke4 Rd6 46.Bc4 Kf8 47.Kf5 Kg7 48.Ke4 Kf8 49.Kd3 Ke7 50.Bg8 Rd8
51.Bh7 Rb8 52.Bf5 Kd6 53.a3 Rb6 54.Kc4 Rb8 55.b4 cxb4 56.axb4 Rb6 57.Ra1 Rc6+
58.Kd3 Rc3+ 59.Kd2 d3 60.Ra6+ Kd5 61.Bxd3 Rc7 62.c4+ Kd4 63.Ra5 Bf4+ 64.Kc2 Rd7
65.Ra6 Be5 66.Rc6 a5 67.bxa5 Rc7 68.Rb6 Ra7 69.Rb5 Rd7 70.a6  1-0

[Event "TCh-ISR"]
[Site "ISR"]
[Date "2002.03.15"]
[Round "7"]
[White "Klenburg,M"]
[Black "Finkel,A"]
[Result "1/2-1/2"]
[WhiteElo "2379"]
[BlackElo "2487"]

1.e4 g6 2.d4 Bg7 3.Nc3 d6 4.Be3 a6 5.Qd2 b5 6.a4 b4 7.Nd1 a5 8.c3 bxc3 9.bxc3 Nd7
10.Bd3 Ngf6 11.f3 O-O 12.Ne2 e5 13.O-O d5 14.Nf2 dxe4 15.fxe4 c6  1/2-1/2

[Event "TCh-FIN 2001-02"]
[Site "FIN"]
[Date "2002.03.16"]
[Round "8"]
[White "Hartikainen,M"]
[Black "Nouro,M"]
[Result "1-0"]
[WhiteElo "2295"]
[BlackElo "2377"]

1.e4 g6 2.d4 Bg7 3.Nc3 d6 4.Be3 a6 5.Qd2 b5 6.O-O-O Nd7 7.h4 h5 8.Nh3 Bb7
9.Ng5 Rc8 10.f4 Nh6 11.e5 Nb6 12.Bd3 Nc4 13.Bxc4 bxc4 14.Qe2 d5 15.Na4 e6
16.Nc5 Rb8 17.Bd2 Nf5 18.Qf2 Bc8 19.Rdg1 Bf8 20.g4 hxg4 21.Rxg4 Bxc5 22.dxc5 d4
23.Ne4 Bb7 24.Nf6+ Qxf6 25.exf6 Bxh1 26.Be1 Kd7 27.Qe2 Bd5 28.Qe5 Rb5 29.Bf2 c3
30.b3 Rxc5 31.Bxd4 Nxd4 32.Qxd4 Rc6 33.a4 Kc8 34.Qb4 Rd8 35.Rg3 Rh8 36.Rxc3 Rxc3
37.Qxc3 Rxh4 38.Qc5 Rxf4 39.Qf8+ Kb7 40.Qxf7 g5 41.Qg7  1-0

[Event "TCh-FIN 2001-02"]
[Site "FIN"]
[Date "2002.03.16"]
[Round "8"]
[White "Tella,J"]
[Black "Nyback,T"]
[Result "1/2-1/2"]
[WhiteElo "2440"]
[BlackElo "2448"]

1.d4 g6 2.e4 Bg7 3.Nc3 d6 4.Be3 Nf6 5.h3 c6 6.a4 Nbd7 7.Nf3 O-O 8.Qd2 e5
9.dxe5 Nxe5 10.Nxe5 dxe5 11.Qxd8 Rxd8 12.Bc4  1/2-1/2

[Event "Spring Festival"]
[Site "Budapest HUN"]
[Date "2002.03.20"]
[Round "6"]
[White "Nagy,Z"]
[Black "Kolus,L"]
[Result "1-0"]
[WhiteElo "2246"]
[BlackElo "2200"]

1.e4 g6 2.d4 Bg7 3.Nc3 d6 4.f4 a6 5.Nf3 b5 6.Bd3 Bb7 7.Qe2 Nd7 8.e5 e6 9.a4 b4
10.Ne4 Bxe4 11.Bxe4 d5 12.Bd3 a5 13.Be3 Ne7 14.O-O-O Qc8 15.g4 h5 16.h3 Nb6
17.b3 Qd7 18.Ng5 c6 19.Rhf1 Bh6 20.Rf3 Rb8 21.Rdf1 hxg4 22.hxg4 Bf8 23.f5 gxf5
24.gxf5 exf5 25.Bxf5 Nxf5 26.Rxf5 Be7 27.Nxf7 Rh1 28.Rxh1 Qxf5 29.Rh8+ Kxf7
30.Rxb8 Nd7 31.Rh8 Nf8 32.Rh1 Ke8 33.Qh5+ Qxh5 34.Rxh5 Ne6 35.Rh8+ Kd7 36.Kd2 Bd8
37.c3 Be7 38.Rh7 Kd8 39.Kd3 Nc7 40.Bd2 Na6 41.Rh8+ Kd7 42.Ra8 bxc3 43.Bxc3 Nb4+
44.Ke2  1-0

[Event "Spring Festival"]
[Site "Budapest HUN"]
[Date "2002.03.21"]
[Round "7"]
[White "Por,A"]
[Black "Resika,N"]
[Result "0-1"]
[WhiteElo "2077"]
[BlackElo "2241"]

1.e4 g6 2.d4 d6 3.Nc3 Bg7 4.f4 a6 5.Nf3 b5 6.Bd3 Nd7 7.O-O Bb7 8.e5 c5 9.Be3 cxd4
10.Bxd4 Nh6 11.Qe1 dxe5 12.fxe5 e6 13.Rd1 O-O 14.Ne4 Nf5 15.Nf6+ Nxf6 16.Bxf5 exf5
17.exf6 Bxf6 18.Bc5 Qc7 19.Bxf8 Rxf8 20.c3 Qc4 21.a3 a5 22.Kh1 Kg7 23.Rd6 Re8
24.Qd1 Re2 25.Re1 Bxf3 26.gxf3 Rxb2 27.Rxf6 Kxf6 28.Re8 Rd2 29.Qe1 Kg7  0-1

[Event "Spring Festival"]
[Site "Budapest HUN"]
[Date "2002.03.23"]
[Round "9"]
[White "Vass,V"]
[Black "Resika,N"]
[Result "1-0"]
[WhiteElo "2182"]
[BlackElo "2241"]

1.e4 g6 2.d4 Bg7 3.Nc3 d6 4.Nf3 a6 5.a4 b6 6.Be3 Bb7 7.h3 Nf6 8.Bd3 Nbd7
9.O-O O-O 10.Qd2 e5 11.Rad1 exd4 12.Bxd4 Re8 13.Rfe1 Ne5 14.Nxe5 dxe5 15.Be3 Qd6
16.Bg5 Qc5 17.Kh1 Nh5 18.b3 Nf4 19.Bc4 Ne6 20.Be3 Qe7 21.Nd5 Qh4 22.Nxc7 Bxe4
23.Bxe6 fxe6 24.Kh2 Rad8 25.Qb4 Rxd1 26.Rxd1 Qe7 27.Qc4 Rc8 28.Nd5 exd5 29.Qxc8+ Qf8
30.Qxf8+ Kxf8 31.Bxb6 d4 32.Rd2 Kf7 33.f3 Bh6 34.Re2 Bf5 35.Bc7 d3 36.cxd3 Bxd3
37.Re1 Bc2 38.Bxe5 Bxb3 39.Re4 Bd2 40.Bf4 Ba5 41.Kg3 Bd8 42.Rb4 Be6 43.Rb7+ Kf6
44.Bc7 Bc8  1-0

[Event "Suetin Mem"]
[Site "Tula RUS"]
[Date "2002.03.25"]
[Round "3"]
[White "Arzumanian,G"]
[Black "Zakharevich,I"]
[Result "1-0"]
[WhiteElo "2424"]
[BlackElo "2466"]

1.e4 g6 2.d4 Bg7 3.Nc3 d6 4.Be3 Nf6 5.Qd2 c6 6.Nf3 Nbd7 7.Bh6 Bxh6 8.Qxh6 Qa5
9.Bd3 Qh5 10.Qd2 c5 11.Be2 cxd4 12.Nxd4 Qc5 13.f4 Nb6 14.O-O-O Bd7 15.Nb3 Qf2
16.e5 dxe5 17.fxe5 Nh5 18.Rhf1 Qxg2 19.Rxf7 O-O-O 20.Qe3 Bc6 21.Nd4 Nd5 22.Nxd5 Qxd5
23.Bg4+ Kb8 24.Ne6 Qxa2 25.Rxd8+ Rxd8 26.Nxd8 Qa1+ 27.Kd2 Qa5+ 28.c3 Qxd8+
29.Qd4 Qg8 30.Rxe7 a6 31.Qd6+ Ka8 32.Rc7  1-0

[Event "ch-DEN"]
[Site "Greve DEN"]
[Date "2002.03.27"]
[Round "5"]
[White "Pedersen,Jan"]
[Black "Hoi,C"]
[Result "1/2-1/2"]
[WhiteElo "2413"]
[BlackElo "2407"]

1.e4 g6 2.d4 Bg7 3.Nc3 d6 4.Be3 c6 5.Qd2 b5 6.a4 b4 7.Nd1 a5 8.c3 Nf6 9.f3 bxc3
10.bxc3 Ba6 11.Bxa6 Nxa6 12.Bh6 O-O 13.Bxg7 Kxg7 14.Ne2 c5  1/2-1/2

[Event "SVK-Cup"]
[Site "Trencianske Teplice SVK"]
[Date "2002.03.30"]
[Round "2"]
[White "Petrik,T"]
[Black "Petran,Pe"]
[Result "1-0"]
[WhiteElo "2345"]
[BlackElo "2370"]

1.e4 g6 2.d4 Bg7 3.Nc3 d6 4.f4 a6 5.Nf3 b5 6.Bd3 Nd7 7.e5 e6 8.Be3 Bb7 9.a4 b4
10.Ne4 Bxe4 11.Bxe4 d5 12.Bd3 c5 13.dxc5 Ne7 14.c3 Qa5 15.Qd2 bxc3 16.Qxc3 Qxc3+
17.bxc3 Nc6 18.Ke2 Ke7 19.c4 dxc4 20.Bxc4 Na5 21.Ba2 Rhc8 22.Rhc1 Rab8 23.Rab1 Rxb1
24.Rxb1 Nxc5 25.Rc1 Nab7 26.Ng5 Ke8 27.Nxh7 Kd7 28.Ng5 Nxa4 29.Rxc8 Kxc8
30.Bc4 Nac5 31.Nxf7 Kd7 32.Kf3 a5 33.Kg4 Ne4 34.Ng5 Nec5 35.Nf3 Ke7 36.Nd4 a4
37.Nb5 Bf8 38.Nd6 a3 39.Nb5 Kf7 40.Nxa3 Na5 41.Bb5 Ne4 42.Nc2 Bc5 43.Bxc5 Nxc5
44.Nd4 Nab7 45.Bc4 Nd8 46.Nb3 Nxb3 47.Bxb3 Kg7 48.Ba4 Nb7 49.Kg5 Nc5 50.Bc2  1-0

[Event "XI ch-MKD"]
[Site "Gevgelija MKD"]
[Date "2002.04.03"]
[Round "3"]
[White "Ilic,Ljubo"]
[Black "Bogdanovski,V"]
[Result "1-0"]
[WhiteElo "2289"]
[BlackElo "2435"]

1.e4 d6 2.d4 g6 3.Nc3 Bg7 4.Be3 a6 5.Qd2 Nd7 6.h4 Ngf6 7.f3 b5 8.O-O-O Bb7
9.g4 h6 10.Qh2 e6 11.Nh3 Nb6 12.Kb1 Qe7 13.Bd3 Nfd7 14.h5 g5 15.Ne2 c5 16.c3 c4
17.Bc2 a5 18.Rhe1 d5 19.Ng3 O-O-O 20.f4 Nf6 21.Nf2 gxf4 22.Bxf4 Qd7 23.g5 hxg5
24.Bxg5 Nh7 25.Bc1 Bf6 26.Qh3 Ng5 27.Bxg5 Bxg5 28.Ng4 b4 29.Ne5 Qe7 30.exd5 Nxd5
31.Ne4 bxc3 32.Nxf7 Bf4 33.Nxh8 cxb2 34.Ng6  1-0

[Event "FIDE GP"]
[Site "Dubai UAE"]
[Date "2002.04.04"]
[Round "2.3"]
[White "Anand,V"]
[Black "Azmaiparashvili,Z"]
[Result "1/2-1/2"]
[WhiteElo "2757"]
[BlackElo "2676"]

1.e4 d6 2.d4 g6 3.Nc3 Bg7 4.Be3 a6 5.Qd2 b5 6.a4 b4 7.Nd1 a5 8.c3 bxc3 9.bxc3 Nf6
10.f3 O-O 11.Bd3 Ba6 12.Ne2 Nbd7 13.O-O Nb6 14.Bxa6 Rxa6 15.Qd3 Ra8 16.Bf2 Qd7
17.Nb2 Rfb8 18.Rfc1 d5 19.e5 Ne8 20.Re1 c6 21.Qc2 Nc7 22.Nf4 Ne6 23.Nbd3 Nxf4
24.Nxf4 Qf5 25.Qxf5 gxf5 26.e6 Bh6 27.Be3 Nc4 28.Nxd5 cxd5 29.Bxh6 fxe6 30.Rxe6 Rb6
31.Rae1 Raa6 32.Rxb6 Rxb6 33.Bg5 e6 34.g4 fxg4 35.fxg4 Nb2 36.Bd8 Ra6 37.Ra1 Kf7
38.Ra2 Nc4 39.Rf2+ Ke8 40.Bg5 Nb6 41.Ra2 Ra8 42.Kg2 Rc8 43.Rb2 Nxa4 44.Rb7 Nxc3
45.Re7+ Kf8 46.Rxh7 Kg8 47.Ra7 Nb5 48.Rxa5 Nxd4 49.Ra7 Rc2+ 50.Kg3 Rc3+ 51.Kh4 Nf3+
52.Kh5 Nxg5 53.Kxg5 Rh3 54.Kg6 Kf8  1/2-1/2

[Event "FSGMA April"]
[Site "Budapest HUN"]
[Date "2002.04.05"]
[Round "4"]
[White "Antal,Ge"]
[Black "Czebe,A"]
[Result "0-1"]
[WhiteElo "2457"]
[BlackElo "2462"]

1.e4 g6 2.d4 Bg7 3.Nc3 d6 4.Be3 Nd7 5.Qd2 a6 6.Nf3 b5 7.a4 b4 8.Na2 Bb7 9.Nxb4 Ngf6
10.e5 Ng4 11.h3 Nxe3 12.Qxe3 O-O 13.e6 Bxf3 14.Qxf3 fxe6 15.Qe3 c5 16.dxc5 Nxc5
17.Bc4 Bxb2 18.Rb1 Bg7 19.Bxe6+ Kh8 20.O-O Nxa4 21.Bd5 Nc3 22.Bxa8 Nxb1 23.Bf3 Nc3
24.Nc6 Qd7 25.Re1 e5 26.Qxc3 e4 27.Qc4 exf3 28.Ne7 fxg2 29.Qh4 Qe8 30.Re6 g5
31.Qxg5 Qf7 32.Re2 Be5 33.Qh4 Qg7 34.Re1 Rf4 35.Qg3 Qxg3 36.fxg3 Rc4 37.Kxg2 Rxc2+
38.Kf3 Rc3+ 39.Ke4 Rxg3 40.Rb1 Rxh3 41.Nf5 h5 42.Rb6 Ra3 43.Rb7 h4 44.Rb8+ Kh7
45.Rb7+ Kg8 46.Nh6+ Kf8 47.Kd5 Rf3 48.Ng4 h3 49.Ra7 h2 50.Rh7 Rd3+ 51.Ke6 Rd2
52.Ne3 Re2 53.Nf5 Kg8 54.Rh5 Re1 55.Rg5+ Kf8  0-1

[Event "New White Plus GM open"]
[Site "Dhaka BAN"]
[Date "2002.04.05"]
[Round "7"]
[White "Sermek,D"]
[Black "Murshed,N"]
[Result "0-1"]
[WhiteElo "2595"]
[BlackElo "2448"]

1.e4 d6 2.d4 g6 3.Nc3 Bg7 4.g3 Nc6 5.Be3 e5 6.dxe5 Nxe5 7.f4 Bg4 8.Qd2 Bf3
9.fxe5 Bxh1 10.exd6 Nf6 11.O-O-O O-O 12.Bd3 Qxd6 13.Qe2 Qe6 14.Bg5 Rae8 15.Bxf6 Qxf6
16.Rf1 Qg5+ 17.Kb1 Bxc3 18.Nh3 Qc5 19.Nf2 Bg2 20.Rg1 Qb6 21.b3 Bxe4 22.Bxe4 Rxe4  0-1

[Event "FIDE GP"]
[Site "Dubai UAE"]
[Date "2002.04.05"]
[Round "3.2"]
[White "Shirov,A"]
[Black "Azmaiparashvili,Z"]
[Result "0-1"]
[WhiteElo "2715"]
[BlackElo "2676"]

1.e4 d6 2.d4 g6 3.Nc3 Bg7 4.Be3 a6 5.Nf3 b5 6.Bd3 Bb7 7.a4 b4 8.Ne2 Nf6 9.Ng3 h5
10.e5 dxe5 11.dxe5 Ng4 12.e6 f5 13.Nh4 Ne5 14.Bf4 Qd5 15.O-O Nbc6 16.Be4 Qxe6
17.Bd5 Qd6 18.Nhxf5 gxf5 19.Nxf5 Qf6 20.Nxg7+ Qxg7 21.Bxe5 Qxe5 22.Re1 Qg7
23.Bf3 Rd8 24.Bxh5+ Kf8 25.Qf3+ Qf6 26.Re3 Qxf3 27.Rxf3+ Kg7 28.Rg3+ Kf6
29.Rg6+ Kf5 30.g4+ Kf4 31.Rg7 Ne5 32.Rxe7 Nf3+ 33.Kg2 Rxh5 34.gxh5 Rg8+ 35.Kf1 Rg1+
36.Ke2 Rxa1 37.Rf7+ Kg5 38.Rg7+ Kf4 39.Rf7+ Ke5 40.Rxc7 Be4 41.Re7+ Kf4  0-1

[Event "TCh-CZE 2001-2"]
[Site "CZE"]
[Date "2002.04.06"]
[Round "10"]
[White "Simacek,P"]
[Black "Voloshin,L"]
[Result "1/2-1/2"]
[WhiteElo "2411"]
[BlackElo "2437"]

1.e4 g6 2.d4 Bg7 3.Nc3 d6 4.f4 Nf6 5.Nf3 O-O 6.Bd3 Na6 7.O-O c5 8.d5 Rb8
9.a4 Nb4 10.Bc4 e6 11.Re1 exd5 12.Nxd5 Nbxd5 13.exd5 Re8 14.Bd2 Ne4 15.c3 Nxd2
16.Nxd2 Bd7 17.Ne4 Qc7 18.Kh1 a6 19.a5 Re7 20.Ng3 Rxe1+ 21.Qxe1 Re8 22.Qf1 Qd8
23.Bd3 Qe7 24.Qf3 f5 25.Nf1 Bb5 26.Rd1 c4 27.Bc2 Qe2 28.Qxe2 Rxe2 29.Rd2 Re8
30.Bd1 Re1 31.Kg1 Bf6 32.Kf2 Re4 33.Bf3 Re8 34.Re2 Rxe2+ 35.Bxe2 Bd8 36.Nd2 Bxa5
37.Bxc4 Bb6+ 38.Kf3 Bd7 39.h3 Kf7 40.Bd3 Bc7 41.Ke2 Kf6 42.Nf3 Bb6 43.Nd2 Bc7
44.Ke3 Bb6+ 45.Kf3 Bc7 46.g4 h6 47.Nf1 Bb6 48.Ng3 a5 49.gxf5 gxf5 50.Ke2 Bc5
51.Nf1 b5 52.Ne3 b4 53.cxb4 Bxb4 54.Ba6 Be8 55.Kd3 Bc5 56.Bc8 a4 57.Bb7 Bb5+
58.Kd2 Bb4+ 59.Kc2 Bc5 60.Kd2 Bb4+ 61.Kc2 Bc5 62.Kd2  1/2-1/2

[Event "New White Plus GM open"]
[Site "Dhaka BAN"]
[Date "2002.04.06"]
[Round "8"]
[White "Hossain,Enam"]
[Black "Roktim,B"]
[Result "0-1"]
[WhiteElo "2426"]
[BlackElo "2315"]

1.e4 g6 2.d4 d6 3.Nc3 Bg7 4.Be3 c6 5.Qd2 Qa5 6.Nf3 Nd7 7.h3 Ngf6 8.Bd3 e5
9.dxe5 dxe5 10.Bh6 Bxh6 11.Qxh6 Qc5 12.O-O-O Qf8 13.Qe3 Qe7 14.Kb1 Nc5 15.Qh6 Nfd7
16.Bc4 f6 17.Nd2 b5 18.Nxb5 cxb5 19.Bxb5 a6 20.Bc6 Bb7 21.Bxd7+ Nxd7 22.Nc4 O-O-O
23.Nd6+ Kc7 24.Qe3 Nb8 25.Nc4 Qb4 26.Rd3 Rxd3 27.cxd3 Nc6 28.f4 Rd8 29.Rc1 Kb8
30.Rc3 Qe7 31.fxe5 fxe5 32.a3 Rf8 33.Qb6 Qd8 34.Qc5 Rf1+ 35.Ka2 Qd4 36.Qxd4 exd4
37.Rc2 Rf6 38.Kb3 Bc8 39.Ka4 Bd7 40.Nb6 Be8 41.Nd5 Ne7+ 42.Kb4 Nxd5+ 43.exd5 Bf7
44.Rc6 Rxc6 45.dxc6 Bd5 46.g3 Bxc6 47.Kc5 Kc7 48.h4 Bb5 49.Kxd4 Kd6 50.b3 a5
51.b4 axb4 52.axb4 Bc6 53.Kc4 h6 54.Kd4 h5 55.Kc4 Bd5+ 56.Kb5 Be6 57.Kb6 Bf5
58.d4 Kd5 59.b5 Kxd4 60.Kc7 Ke3 61.b6 Be4 62.Kd6 Kf3 63.Ke5 Bb7 64.Kf6 Kxg3  0-1

[Event "TCh-CZE 2001-2"]
[Site "CZE"]
[Date "2002.04.07"]
[Round "11"]
[White "Blatny,P"]
[Black "Stratil,L"]
[Result "1-0"]
[WhiteElo "2433"]
[BlackElo "2342"]

1.d4 g6 2.e4 Bg7 3.Nc3 d6 4.Be3 Nd7 5.Qd2 e5 6.Nf3 Ngf6 7.dxe5 dxe5 8.Rd1 O-O
9.Nxe5 Nxe4 10.Nxe4 Bxe5 11.h4 Qe7 12.h5 Bg7 13.Bd3 Re8 14.hxg6 hxg6 15.Bh6 f5
16.Kf1 fxe4 17.Bc4+ Kf8 18.Qf4+ Nf6 19.Bxg7+ Qxg7 20.Rh7 g5 21.Rxg7 gxf4
22.Rf7+ Kg8 23.Rxf6+ Kg7 24.Rxf4 e3 25.f3 b5 26.Bxb5 Re5 27.Bd3 Bb7 28.Rg4+ Kf6
29.Ke2 Rh8 30.Bc4 Bc8 31.Rf4+ Kg6 32.Bd3+ Kg7 33.Re4 Rg5 34.Rg1 Rh2 35.Kxe3 Rhxg2
36.Rxg2 Rxg2 37.Re7+  1-0

[Event "New White Plus GM open"]
[Site "Dhaka BAN"]
[Date "2002.04.07"]
[Round "9"]
[White "Barua,D"]
[Black "Murshed,N"]
[Result "1-0"]
[WhiteElo "2515"]
[BlackElo "2448"]

1.e4 g6 2.d4 Bg7 3.Nc3 d6 4.Be3 a6 5.Qd2 b5 6.a4 b4 7.Nd1 a5 8.f3 d5 9.e5 f6
10.f4 Nh6 11.Nf3 Ba6 12.Bxa6 Nxa6 13.Nf2 Qd7 14.Nd3 Nf7 15.O-O O-O 16.b3 Rfe8
17.Rac1 f5 18.Bf2 e6 19.h3 Rec8 20.Be3 Nd8 21.g4 Bf8 22.Qf2 c6 23.Kh1 Rc7
24.Rg1 Qc8 25.Rg2 Rg7 26.Rcg1 Raa7 27.Nc5 Nxc5 28.dxc5 Rac7 29.Bd4 Nb7 30.Ng5 h6
31.Nf3 Qd8 32.gxf5 gxf5 33.Rg6  1-0

[Event "FSGMA April"]
[Site "Budapest HUN"]
[Date "2002.04.08"]
[Round "7"]
[White "Vajda,L"]
[Black "Czebe,A"]
[Result "1-0"]
[WhiteElo "2539"]
[BlackElo "2462"]

1.e4 g6 2.d4 Bg7 3.Nc3 d6 4.Nf3 a6 5.h4 Nf6 6.Bg5 h6 7.Bxf6 Bxf6 8.e5 Bg7
9.Bc4 Bg4 10.Nd5 dxe5 11.Ne3 Bxf3 12.Qxf3 O-O 13.h5 e6 14.hxg6 fxg6 15.Qe4 exd4
16.Rxh6 Rf6 17.Ng4 Bxh6 18.Nxf6+ Qxf6 19.Qxb7 Bd2+ 20.Ke2 d3+ 21.Bxd3 Ba5
22.Qxa8 Qxb2  1-0

[Event "New White Plus GM open"]
[Site "Dhaka BAN"]
[Date "2002.04.09"]
[Round "11"]
[White "Sermek,D"]
[Black "Goloshchapov,A"]
[Result "1-0"]
[WhiteElo "2595"]
[BlackElo "2545"]

1.e4 g6 2.d4 Bg7 3.Nc3 d6 4.g3 Nf6 5.Bg2 O-O 6.Nge2 e5 7.h3 Nbd7 8.Be3 Re8
9.O-O c6 10.a4 a5 11.Qd2 Nb6 12.b3 exd4 13.Bxd4 d5 14.exd5 Nbxd5 15.Nxd5 cxd5
16.Rad1 Bf5 17.c3 Rc8 18.Rfe1 Ne4 19.Bxe4 dxe4 20.Bxg7 Qxd2 21.Rxd2 Kxg7
22.g4 Be6 23.c4 h5 24.gxh5 Bxh3 25.hxg6 fxg6 26.Ng3 Rcd8 27.Rxd8 Rxd8 28.Nxe4 b6
29.Re3 Bf5 30.Nc3 Rd6 31.Nd5 Be6 32.Nc7 Bf7 33.Re5 Kf8 34.Rb5 Be8 35.Rd5 Rc6
36.Nxe8 Kxe8 37.Kg2 Ke7 38.Kg3 Kf6 39.Kf4 Re6 40.f3 Kf7 41.Re5 Rd6 42.Ke4 Kf6
43.Rd5 Re6+ 44.Kd4 Ke7 45.Re5 Kd6 46.Rxe6+ Kxe6 47.c5  1-0

[Event "FSGMA April"]
[Site "Budapest HUN"]
[Date "2002.04.10"]
[Round "9"]
[White "Fogarasi,T"]
[Black "Czebe,A"]
[Result "1/2-1/2"]
[WhiteElo "2445"]
[BlackElo "2489"]

1.e4 g6 2.d4 Bg7 3.Nc3 d6 4.Be3 a6 5.a4 Nf6 6.h3 Nbd7 7.Nf3 O-O 8.Bd3 b6
9.O-O Bb7 10.Qe2 c5 11.d5 e6 12.Bc4 Qe7 13.Rad1 e5 14.Ne1 Kh8 15.Nd3 Ng8
16.b4 f5 17.f3 Ndf6 18.bxc5 bxc5 19.exf5 gxf5 20.f4 Ne4 21.Nxe4 fxe4 22.Nc1 Nh6
23.fxe5 Qxe5 24.Nb3 Nf5 25.Bf4 Qe8 26.Rde1 Qxa4 27.Qxe4 Rae8 28.Qd3 Bc8 29.c3 Rxe1
30.Rxe1 Re8 31.Ra1 Qd7 32.Bxa6 Bxa6 33.Rxa6 Qf7 34.Ra1 Nd4 35.Nxd4 cxd4 36.Bxd6 Qxd5
37.Bf4 Qb3 38.Ra7 dxc3 39.Kh2 Qe6 40.Rxg7 Kxg7 41.Qxc3+ Kg8 42.Qg3+ Kf7 43.Qf3 Kg8
44.Qg3+ Qg6 45.Qb3+ Re6 46.Be5 h5 47.Bf4 Qf7 48.Qb8+ Kh7 49.Be5 Qg6 50.Bg3 Re4
51.Qd6 Qe6 52.Qd8 Qe7 53.h4 Re2 54.Qc7 Kg6  1/2-1/2

[Event "FSGMA April"]
[Site "Budapest HUN"]
[Date "2002.04.11"]
[Round "10"]
[White "Vajda,L"]
[Black "Bokros,A"]
[Result "0-1"]
[WhiteElo "2513"]
[BlackElo "2430"]

1.e4 g6 2.d4 Bg7 3.Nc3 d6 4.Be3 c6 5.a4 Nd7 6.Nf3 Ngf6 7.Be2 O-O 8.O-O Qc7
9.Qd2 e5 10.dxe5 dxe5 11.Rfd1 Ng4 12.Bg5 f6 13.Bc4+ Kh8 14.Bh4 Nh6 15.a5 Nc5
16.b4 Be6 17.Bf1 Nd7 18.Ne1 Nf7 19.Nd3 Rfd8 20.Qe1 Nd6 21.f3 Nb5 22.Na4 Nd4
23.Qf2 b6 24.Bg3 c5 25.bxc5 Nxc5 26.Naxc5 bxc5 27.f4 c4 28.fxe5 fxe5 29.Nb4 Qc5
30.c3 Rf8 31.Nd3 Qc8 32.Qb2 Nb3 33.Nb4 Nxa1 34.Rxa1 Qb7 35.Qe2 Rad8 36.Qe3 Rd7
37.Re1 Qb5 38.a6 Qa4 39.Qc5 Qb3 40.Bxe5 Rdf7 41.Bxg7+ Kxg7 42.Qe5+ Rf6 43.Be2 Qb2
44.Qd4 Kg8 45.Bxc4 Bxc4 46.Qxc4+ Kg7 47.Qd4 Qf2+ 48.Qxf2 Rxf2 49.Rd1 Re2
50.Rd7+ Kh6 51.Nd3 Rd2 52.h4 Rc8 53.g4 g5 54.Rd6+ Kg7 55.Rd7+ Kg8 56.Rd5 Rxc3
57.Rxg5+ Kh8 58.Nf2 Rg3+  0-1

[Event "9th Hotel Opatija IM"]
[Site "Kastav CRO"]
[Date "2002.04.11"]
[Round "2"]
[White "Zelenika,S"]
[Black "Kljako,D"]
[Result "1-0"]
[WhiteElo "2388"]
[BlackElo "2227"]

1.e4 g6 2.d4 Bg7 3.Nc3 d6 4.Be3 a6 5.Qd2 Nc6 6.h3 e5 7.Nf3 exd4 8.Nxd4 Nxd4
9.Bxd4 Bxd4 10.Qxd4 Qf6 11.Qd2 Be6 12.O-O-O Ne7 13.f4 h5 14.g3 O-O-O 15.Bg2 Kb8
16.Rhe1 Bc8 17.Qe3 Rde8 18.Rd3 Rhg8 19.h4 b6 20.e5 dxe5 21.Qe4 c6 22.fxe5 Qf2
23.Rf1 Qc5 24.b4  1-0

[Event "FSGMA April"]
[Site "Budapest HUN"]
[Date "2002.04.12"]
[Round "11"]
[White "Fogarasi,T"]
[Black "Vajda,L"]
[Result "1/2-1/2"]
[WhiteElo "2445"]
[BlackElo "2513"]

1.e4 d6 2.d4 g6 3.Nc3 Bg7 4.Be3 c6 5.Qd2 b5 6.a4 b4 7.Nd1 a5 8.c3 bxc3 9.bxc3 f5
10.exf5 Bxf5 11.Bd3 Nf6 12.Ne2 Qc8 13.O-O O-O 14.Bxf5 Qxf5 15.Bh6 Ne4 16.Qe3 Bxh6
17.Qxh6 Nd7 18.f3 Nef6 19.Ng3 Qd3 20.Qe3 Qxe3+ 21.Nxe3 Nd5 22.Rfe1 Nxc3 23.Rac1 Nd5
24.Nxd5 cxd5 25.Rc7 Rfd8 26.Rb1 e5 27.Rbb7 Nf6 28.Ne2 Rdb8 29.Rg7+ Kh8 30.Ra7 Rb2
31.Rgf7 Rxe2 32.Rxf6 exd4 33.Rff7 d3 34.Rxh7+ Kg8 35.Rhg7+ Kf8 36.Rh7 Kg8  1/2-1/2

[Event "FSGMA April"]
[Site "Budapest HUN"]
[Date "2002.04.12"]
[Round "11"]
[White "Bokros,A"]
[Black "Horvath,Ad"]
[Result "1/2-1/2"]
[WhiteElo "2430"]
[BlackElo "2464"]

1.e4 g6 2.d4 Bg7 3.Nc3 d6 4.Be3 a6 5.f3 b5 6.Qd2 Bb7 7.O-O-O Nd7 8.Kb1 c5
9.h4 h5 10.Nh3 Ngf6 11.dxc5 dxc5 12.Ng5 O-O 13.Be2 Qc7 14.Bf4 e5 15.Be3 Rfc8
16.Qd6 Qxd6 17.Rxd6 Bf8 18.Rd2 Nb6 19.Rhd1 b4 20.Nd5 Nbxd5 21.exd5 Bd6 22.Bc4 Kg7
23.Ne4 Nxe4 24.fxe4 Rf8 25.Rf1 f5 26.exf5 gxf5 27.g3  1/2-1/2

[Event "Golden Cleopatra"]
[Site "Cairo EGY"]
[Date "2002.04.12"]
[Round "6"]
[White "Chumfwa,S"]
[Black "Shaaban,A"]
[Result "1-0"]
[WhiteElo "2229"]
[BlackElo "2131"]

1.e4 g6 2.d4 Bg7 3.Nc3 d6 4.Bg5 h6 5.Bf4 Nc6 6.Bb5 Bd7 7.Nf3 Nf6 8.Qd2 g5
9.Bg3 Nh5 10.d5 Nxg3 11.hxg3 Ne5 12.Nxe5 Bxe5 13.f4 Bf6 14.O-O-O c6 15.fxg5 Bxg5
16.Qxg5 cxb5 17.Rxh6 Rf8 18.e5 b4 19.Ne4 dxe5 20.Qxe5 Qb8 21.d6 e6 22.Rh8 f5
23.Qf6  1-0

[Event "XI ch-MKD"]
[Site "Gevgelija MKD"]
[Date "2002.04.12"]
[Round "11"]
[White "Stanojoski,Z"]
[Black "Bogdanovski,V"]
[Result "1-0"]
[WhiteElo "2455"]
[BlackElo "2435"]

1.e4 d6 2.d4 g6 3.Nc3 Bg7 4.f4 Nf6 5.Nf3 O-O 6.Bd3 Na6 7.O-O c5 8.d5 Bg4
9.Bc4 Nc7 10.h3 Bxf3 11.Qxf3 a6 12.a4 b6 13.Rd1 Qc8 14.Be3 Qb7 15.Bf1 Nd7
16.g4 b5 17.a5 b4 18.Na4 Nb5 19.Bf2 Qc7 20.c3 bxc3 21.bxc3 Rfb8 22.Rdc1 Rb7
23.g5 Rab8 24.h4 Qd8 25.Bh3 Nc7 26.Bxd7 Qxd7 27.Nb6 Qd8 28.Kg2 Na8 29.Nc4 Rb3
30.e5 Nc7 31.exd6 exd6 32.f5 gxf5 33.Bg3 Nb5 34.Qxf5 Bxc3 35.Ra2 Qe7 36.Rf1 Rb7
37.Raf2 Qe8 38.Bxd6 Bd4 39.Be5 Qd7 40.Qxd7 Rxd7 41.Bxd4 Nxd4 42.Ne5 Rxd5
43.Ng4 Kf8 44.Rxf7+ Ke8 45.Rxh7 Rb2+ 46.Rf2 Rxf2+ 47.Kxf2 Rf5+ 48.Ke3 Ne6
49.Ra7 c4 50.Nf6+ Kd8 51.Rxa6 Ke7 52.Ke4 Rc5 53.Ra7+ Kf8 54.Kf3  1-0

[Event "9th Hotel Opatija IM"]
[Site "Kastav CRO"]
[Date "2002.04.12"]
[Round "3"]
[White "Zufic,M"]
[Black "Dumpor,A"]
[Result "1-0"]
[WhiteElo "2310"]
[BlackElo "2328"]

1.e4 d6 2.d4 g6 3.Nc3 Bg7 4.Be3 Nf6 5.h3 c6 6.Nf3 O-O 7.Qd2 b5 8.Bd3 Nbd7
9.a4 b4 10.Ne2 a5 11.Ng3 d5 12.e5 Ne8 13.h4 c5 14.h5 cxd4 15.Bh6 Nxe5 16.Bxg7 Nxf3+
17.gxf3 Nxg7 18.hxg6 hxg6 19.Qh6 f5 20.Qxg6 Qd6 21.Qh7+ Kf7 22.Rh6 Be6 23.Qg6+ Kg8
24.Nh5  1-0

[Event "1st It"]
[Site "Asuncion PAR"]
[Date "2002.04.13"]
[Round "6"]
[White "Sosa Harrison,J"]
[Black "Franco Ocampos,Z"]
[Result "1/2-1/2"]
[WhiteElo "2285"]
[BlackElo "2510"]

1.e4 g6 2.d4 Bg7 3.Nc3 d6 4.Nf3 Nf6 5.h3 O-O 6.Bf4 c5 7.d5 b5 8.Bxb5 Nxe4
9.Nxe4 Qa5+ 10.Nc3 Bxc3+ 11.bxc3 Qxb5 12.Qe2 Qa4 13.c4 Ba6 14.O-O Re8 15.Nd2 Nd7
16.Qd3 Rab8 17.Rab1 Nb6 18.Qb3 Qd7 19.Bh6 f6 20.Qa3 Qa4 21.Qe3 Bc8 22.Rb3 Rb7
23.Ra3 Qxc2 24.Rc3 Qa4 25.g4 Kh8 26.f4 Qd7 27.Kh2 Qd8 28.f5 Rg8 29.Rc2 Nd7
30.fxg6 Rxg6 31.Nf3 Ne5 32.Nxe5 dxe5 33.g5 Qd6 34.h4 Bg4 35.Qg3 Bh5 36.Rcf2 Rb8
37.Kh1 Rbg8 38.Qc3 Bg4 39.Rg1 Bh5 40.Rgf1 Qd7 41.Rf5 Qd6 42.R5f2 Qd7  1/2-1/2

[Event "chJ-POL g20"]
[Site "Trzebinia POL"]
[Date "2002.04.13"]
[Round "3"]
[White "Matras,A"]
[Black "Jurkiewicz,Ka"]
[Result "1/2-1/2"]
[WhiteElo "2218"]
[BlackElo "2175"]

1.e4 g6 2.d4 Bg7 3.Nc3 d6 4.Nf3 c6 5.Be3 Bg4 6.h3 Bxf3 7.Qxf3 Nd7 8.Bc4 Ngf6
9.O-O O-O 10.Rad1 Qc7 11.Bb3 b5 12.a4 b4 13.Nb1 c5 14.Nd2 cxd4 15.Bxd4 Nc5
16.Bxc5 Qxc5 17.Nc4 Qc6 18.Rfe1 Nd7 19.Ne3 Rae8 20.Nd5 Bxb2 21.e5 Kh8 22.exd6 Qxd6
23.Qe3 Qc5 24.Nxe7 Qxe3 25.Rxe3 Ne5 26.Nd5 Nc6 27.Rde1 Rxe3 28.Rxe3 a5  1/2-1/2

[Event "Donner Mem Rapid"]
[Site "Den Haag NED"]
[Date "2002.04.14"]
[Round "1"]
[White "Kuijpers,F"]
[Black "Ree,H"]
[Result "1/2-1/2"]
[WhiteElo "2381"]
[BlackElo "2402"]

1.e4 g6 2.d4 Bg7 3.Nc3 d6 4.Be2 a6 5.a4 Nf6 6.Nf3 O-O 7.O-O Nc6 8.h3 e5 9.dxe5 Nxe5
10.Nxe5 dxe5 11.Bc4 Qe7 12.Qe2 c6 13.Rd1 Be6 14.Be3 Rfd8 15.Bxe6 Qxe6 16.Bb6 Rxd1+
17.Rxd1 Bf8 18.Be3 Bb4 19.Qd3 Kg7 20.f3 a5 21.Kh2 h5 22.Bg5 Nh7 23.Bh4 Be7
24.Bxe7 Qxe7 25.Qd6 Re8 26.Qxe7 Rxe7  1/2-1/2